| 000 | 01137cam a2200301 i 4500 | ||
|---|---|---|---|
| 001 | 20700 | ||
| 003 | CO-MdFUSB | ||
| 005 | 20161111074956.0 | ||
| 008 | 161031b xxu||||| |||| 00| 0 eng d | ||
| 020 | _a0-8006-1460-7 | ||
| 040 |
_aCO-MdFUSB _bEspañol _cCO-MdFUSB _dCO-MdFUSB _erda |
||
| 041 | _aeng | ||
| 082 |
_224 _aR 220.66 _bN532tr |
||
| 100 | 1 |
_aRast, Walter E. _eautor |
|
| 245 | 1 | 0 |
_aTradition history and the Old Testament _c/ Walter E. Rast |
| 264 | 1 |
_aPhiladelphia, Pennsylvania : _bFortress Press, _c℗1988 |
|
| 264 | 4 | _c©1972 | |
| 300 | _axiii, 82 páginas | ||
| 336 |
_2rdacontent _a1 _ba1 |
||
| 337 |
_2rdamedia _a2 _b5 |
||
| 338 |
_2rdacarrier _a2 _b5 |
||
| 490 | _aGuides to Biblical Scholarship | ||
| 501 | _aRústico | ||
| 505 | 0 | 0 | _aLa transmisión de las tradiciones del Antiguo Testamento - La formación de las tradiciones del Antiguo Testamento - La historia de tradición y la narrativa hebrea - La historia de tradición y los profetas - Método y teología de la historia de tradición |
| 630 | 7 |
_aBiblia. _pAntiguo Testamento _xHistoria y crítica |
|
| 942 | _cREF | ||
| 999 |
_c47051 _d47051 |
||